Geometric analysis and nonlinear partial differential equations

Αποθηκεύτηκε σε:
Λεπτομέρειες βιβλιογραφικής εγγραφής
Άλλοι συγγραφείς: Bakelman, I. IA. (Ilia IAkovlevich) 1928- (Επιμελητής έκδοσης)
Μορφή: Βιβλίο
Γλώσσα:English
Δημοσίευση: New York : Marcel Dekker, c1993
Σειρά:Lecture notes in pure and applied mathematics ; ; 144
Θέματα:
Ετικέτες: Προσθήκη ετικέτας
Δεν υπάρχουν, Καταχωρήστε ετικέτα πρώτοι!

MARC

LEADER 00000nam a2200000 i 4500
001 1/74459
008 990521s1993 eng d
020 |a 0-8247-8897-4 
035 |l 10049075 
040 |a GR-MY-UA  |b gre  |e aacr 
041 0 |a eng 
082 0 |a 515.353 
245 1 0 |a Geometric analysis and nonlinear partial differential equations /  |c edited by Ilya J. Bakelman 
260 |a New York :   |b Marcel Dekker,   |c c1993 
300 |a xii, 308 p.;  |b ill.;  |c 26 cm. 
490 1 |a Lecture notes in pure and applied mathematics  |v ; 144 
500 |a Based on papers from the 861st Meeting of the American Mathematical Society held at the University of North Texas, Denton, Nov. 2-3, 1990. 
650 0 0 |a Boundary value problems  |x Congresses. 
650 0 0 |a Convex bodies  |x Congresses. 
650 0 0 |a Isoperimetric inequalities  |x Congresses. 
650 0 0 |a Differential equations, Nonlinear  |x Congresses. 
700 1 |a Bakelman, I. IA.  |q (Ilia IAkovlevich)  |d 1928-  |4 edt 
830 0 |a Lecture notes in pure and applied mathematics ;  |v ; 144 
852 |a INST  |b SAMOS  |e 19990521  |h 515.353 GEO  |p 005300012845  |q 005300012845  |t BK  |y 0 
901 |a BIBL3-1999-2 
909 |a Σ  |b 063804 
922 |a 3ΕΛΗ  |b 199901  |c ΚΠΣ  |d GLORY 
950 |a 116-1998-08-10